[Event "Muensterland Regionalliga Gr1 2223"]
[Site "Germany"]
[Date "2022.09.24"]
[Round "2.3"]
[White "Grotenhuis, Gerard"]
[Black "Vogenauer, Nikolas"]
[Result "0-1"]
[WhiteElo "1931"]
[BlackElo "1914"]
[PlyCount "134"]
[EventDate "2022.09.03"]
[EventType "team-tourn"]
[EventRounds "7"]
[EventCountry "GER"]
[SourceTitle "EXT 2024"]
[Source "ChessBase"]
[SourceDate "2023.10.10"]
[SourceVersion "1"]
[SourceVersionDate "2023.10.10"]
[SourceQuality "1"]
[WhiteTeam "Metelen"]
[BlackTeam "Muenster SK IV"]
[WhiteTeamCountry "GER"]
[BlackTeamCountry "GER"]

1. b3 e5 2. Bb2 Nc6 3. e3 Nf6 4. Bb5 Bd6 5. Ne2 0-0 6. 0-0 Re8 7. f4 a6 8. Bxc6 dxc6 9. h3 exf4 10. Nxf4 Be5 11. Nc3 Ne4 12. d4 Nxc3 13. Bxc3 Bd6 14. Qf3 Qe7 15. e4 f6 16. Rae1 Be6 17. Nd3 Rf8 18. d5 Bd7 19. Bd4 Be5 20. Bc5 Bd6 21. Bf2 Rae8 22. c4 Be5 23. c5 Rf7 24. Nb4 cxd5 25. exd5 Bb5 26. Nd3 Qd7 27. a4 Bxd3 28. Qxd3 Rfe7 29. Rd1 Kh8 30. Qc4 Qc8 31. Rd3 h6 32. b4 Qf5 33. Rf3 Qg6 34. b5 axb5 35. axb5 Rd8 36. Rd1 Qh5 37. Rfd3 Qf5 38. d6 cxd6 39. cxd6 Red7 40. Bb6 Re8 41. Rf3 Qe6 42. Qc1 Rxd6 43. Be3 Red8 44. Rxd6 Rxd6 45. b6 Qd7 46. Rf1 Rc6 47. Qa3 Bd4 48. Rb1 Qf5 49. Rb4 Bc5 50. Bxc5 Qxc5+ 51. Kh2 Rxb6 52. Qa8+ Kh7 53. Rxb6 Qxb6 54. Qc8 Qc6 55. Qf5+ Kh8 56. Qd3 Qc7+ 57. g3 b6 58. h4 Qc5 59. Qd8+ Kh7 60. Qd3+ f5 61. h5 Qe5 62. Kh3 Qe4 63. Qd1 Qg4+ 64. Qxg4 fxg4+ 65. Kxg4 Kg8 66. Kf5 Kf7 67. Ke5 b5 0-1

[Event "Muensterland Regionalliga 2122"]
[Site "Germany"]
[Date "2021.11.13"]
[Round "3.2"]
[White "Vogenauer, Nikolas"]
[Black "Liesmann, Karsten"]
[Result "1/2-1/2"]
[WhiteElo "1926"]
[BlackElo "1980"]
[PlyCount "65"]
[EventDate "2021.10.02"]
[EventType "team-tourn"]
[EventRounds "3"]
[EventCountry "GER"]
[SourceTitle "EXT 2023"]
[Source "ChessBase"]
[SourceDate "2022.10.05"]
[SourceVersion "1"]
[SourceVersionDate "2022.10.05"]
[SourceQuality "1"]
[WhiteTeam "Muenster SK IV"]
[BlackTeam "Bocholt"]
[WhiteTeamCountry "GER"]
[BlackTeamCountry "GER"]

1. c4 e6 2. g3 d5 3. d4 c5 4. cxd5 exd5 5. Nf3 Nf6 6. Bg2 Nc6 7. 0-0 Be7 8. Nc3 0-0 9. dxc5 Bxc5 10. a3 a6 11. b4 Be7 12. Bb2 Be6 13. Rc1 Qd7 14. Na4 Rad8 15. Nc5 Bxc5 16. Rxc5 Ne4 17. Rc1 f6 18. Nd4 Nxd4 19. Bxd4 Rc8 20. Qd3 Rxc1 21. Rxc1 Rc8 22. Rxc8+ Qxc8 23. Bb2 Qd7 24. Qc2 Qc6 25. Qd3 Qd7 26. h3 Qc6 27. Bd4 h6 28. Be3 Bf7 29. Kh2 Be6 30. Bf3 Qd7 31. Bg2 Qc6 32. Bf3 Qd7 33. Bg2 1/2-1/2

[Event "Muensterland Verbandsliga 1819"]
[Site "Germany"]
[Date "2019.01.26"]
[Round "6.6"]
[White "Vogenauer, Nikolas"]
[Black "Stein, Michael"]
[Result "1-0"]
[WhiteElo "1864"]
[BlackElo "1734"]
[PlyCount "95"]
[EventDate "2018.09.01"]
[EventType "team-tourn"]
[EventRounds "9"]
[EventCountry "GER"]
[SourceTitle "EXT 2020"]
[Source "ChessBase"]
[SourceDate "2019.10.17"]
[SourceVersion "1"]
[SourceVersionDate "2019.10.17"]
[SourceQuality "1"]
[WhiteTeam "Muenster IV"]
[BlackTeam "Gescher"]
[WhiteTeamCountry "GER"]
[BlackTeamCountry "GER"]

1. e4 d5 2. exd5 Qxd5 3. Nc3 Qa5 4. d4 Nf6 5. Bc4 c6 6. Bd2 Qc7 7. Qe2 Bf5 8. Nf3 e6 9. Bb3 Be7 10. Nh4 Bg6 11. h3 Nbd7 12. 0-0-0 Nb6 13. Nxg6 hxg6 14. Kb1 0-0-0 15. Bc1 Nbd5 16. Ne4 Nxe4 17. Qxe4 Nf6 18. Qe2 Rh4 19. c3 Nd5 20. g3 Rh5 21. Qf3 Rf5 22. Qe2 Rh5 23. h4 Rdh8 24. Rhe1 g5 25. Qf3 Bd8 26. hxg5 Bxg5 27. Re5 Qe7 28. Bxd5 cxd5 29. Bxg5 Rxg5 30. Rxg5 Qxg5 31. Qxf7 Qf6 32. Qxf6 gxf6 33. Kc2 Rh2 34. Rd2 Kd7 35. a4 Rh1 36. Kb3 Re1 37. Kb4 Kc6 38. f4 Re3 39. Rg2 b6 40. a5 f5 41. axb6 Kxb6 42. g4 fxg4 43. Rxg4 Re2 44. Kb3 Kb5 45. Rg5 Kc6 46. Re5 Re4 47. Rxe4 dxe4 48. c4 1-0

[Event "Muensterland Verbandsliga 1819"]
[Site "Germany"]
[Date "2018.11.24"]
[Round "4.6"]
[White "Vogenauer, Nikolas"]
[Black "Hemmers, Dieter"]
[Result "1-0"]
[WhiteElo "1864"]
[BlackElo "1784"]
[PlyCount "111"]
[EventDate "2018.09.01"]
[EventType "team-tourn"]
[EventRounds "9"]
[EventCountry "GER"]
[SourceTitle "EXT 2020"]
[Source "ChessBase"]
[SourceDate "2019.10.17"]
[SourceVersion "1"]
[SourceVersionDate "2019.10.17"]
[SourceQuality "1"]
[WhiteTeam "Muenster IV"]
[BlackTeam "Emsdetten Rochade II"]
[WhiteTeamCountry "GER"]
[BlackTeamCountry "GER"]

1. e4 c5 2. Nf3 Nc6 3. Bb5 g6 4. Bxc6 dxc6 5. d3 Bg7 6. h3 Nf6 7. Nc3 0-0 8. Be3 b6 9. a4 a5 10. Qd2 Re8 11. 0-0 e5 12. Nh2 Nd7 13. f4 f6 14. Rf2 Ra7 15. Raf1 Nf8 16. b3 Ne6 17. fxe5 fxe5 18. Ne2 Nd4 19. Kh1 Be6 20. Bg5 Qd6 21. Bf6 Nxe2 22. Qxe2 Rf7 23. Bxg7 Kxg7 24. Rxf7+ Bxf7 25. Qf2 Rf8 26. Nf3 Qf6 27. Qg3 Re8 28. Kg1 Bg8 29. Nh4 Qd8 30. Rf2 Re6 31. Nf3 Qe7 32. h4 h6 33. Kf1 Kh7 34. Kg1 Bf7 35. Kh2 Bg8 36. Qg4 Rf6 37. Qc8 Qf7 38. Nxe5 Qe7 39. Ng4 Rxf2 40. Nxf2 Qxh4+ 41. Kg1 Qf4 42. Qg4 Qc1+ 43. Qd1 Qe3 44. Kf1 Be6 45. Qe1 Qf4 46. Kg1 g5 47. Nh1 Kg6 48. Qf2 Qe5 49. Ng3 h5 50. Nf1 h4 51. Qf8 Qd4+ 52. Kh1 h3 53. Ng3 Qe3 54. Qe8+ Kf6 55. Nh5+ Ke5 56. Qb8+ 1-0